000 00338nam a2200133Ia 4500
999 _c10803
_d10803
008 191201s2011 xx 000 0 und d
082 _a330.1
_bHAH
100 _aHAJELA, T.N.
245 0 _aHistory of Economic Thought
260 _aNew Delhi
_bAne Books Pvt. Ltd.
_c2020
300 _a1017
650 _aBA Economics
942 _2ddc
_cBK
_03